LIBRARY & INFORMATION CENTRE, KCAET, TAVANUR

ONLINE PUBLIC ACCESS CATALOGUE (OPAC)

Collected poems 1928-1953 / (Record no. 5168)

MARC details
000 -LEADER
fixed length control field 00365cam a2200145ua 4500
041 ## - LANGUAGE CODE
Language code of text/sound track or separate title eng
082 ## - DEWEY DECIMAL CLASSIFICATION NUMBER
Classification number 821
Item number SPE/CO
100 ## - MAIN ENTRY--AUTHOR NAME
Personal name Spender, Stephen .
245 ## - TITLE STATEMENT
Title Collected poems 1928-1953 /
260 ## - PUBLICATION, DISTRIBUTION, ETC. (IMPRINT)
Place of publication London :
Name of publisher Faber and Faber Ltd ,
Year of publication 1959.
300 ## - PHYSICAL DESCRIPTION
Number of Pages 211 ; .
942 ## - ADDED ENTRY ELEMENTS (KOHA)
Koha item type Books
Holdings
Withdrawn status Lost status Damaged status Home library Current library Date acquired Full call number Accession Number Koha item type
Withdrawn     KAUAET Sanskrit University 07/04/2012 821 11730 Books
free website counter